[Event "Liechtenstein op Seniors"]
[Site "Triesen"]
[Date "2013.05.05"]
[Round "3"]
[White "Guller, Andras"]
[Black "Gerhard, Walter"]
[Result "1/2-1/2"]
[WhiteElo "2081"]
[BlackElo "1952"]
[PlyCount "79"]
[EventDate "2013.05.03"]
[EventType "swiss"]
[EventRounds "9"]
[EventCountry "LIE"]
[SourceTitle "CBM 154 Extra"]
[Source "ChessBase"]
[SourceDate "2013.06.25"]
[SourceVersion "2"]
[SourceVersionDate "2013.06.25"]
[SourceQuality "1"]

1. e4 e6 2. d4 d5 3. Nd2 dxe4 4. Nxe4 Nd7 5. Nf3 Ngf6 6. Nxf6+ Nxf6 7. Bd3 c5 8. c3 cxd4 9. Nxd4 Bc5 10. Nb3 Be7 11. 0-0 0-0 12. Bf4 Bd7 13. Qe2 Bc6 14. Rad1 Qb6 15. Be3 Qc7 16. Nd4 a6 17. Nxc6 Qxc6 18. Bd4 Rfe8 19. Bb1 g6 20. Qe5 Qd5 21. Qe2 Qc6 22. h3 Nd7 23. Be4 Qc7 24. c4 e5 25. Bc3 Nf6 26. Bc2 Bf8 27. b4 Bg7 28. Bb3 Rac8 29. Rc1 Nd7 30. Rfd1 Nf8 31. c5 Ne6 32. Bxe6 Rxe6 33. Qd2 Rce8 34. Qd7 R6e7 35. Qxc7 Rxc7 36. Bb2 e4 37. Bxg7 Kxg7 38. Rd2 f5 39. Rcd1 Ree7 40. g3 1/2-1/2

[Event "Liechtenstein op Seniors 11th"]
[Site "Triesen"]
[Date "2011.06.03"]
[Round "8"]
[White "Slechta, Karel"]
[Black "Guller, Andras"]
[Result "0-1"]
[WhiteElo "1964"]
[BlackElo "2083"]
[PlyCount "94"]
[EventDate "2011.05.27"]
[EventType "swiss"]
[EventRounds "9"]
[EventCountry "LIE"]
[SourceTitle "EXT 2012"]
[Source "ChessBase"]
[SourceDate "2011.11.24"]
[SourceVersion "1"]
[SourceVersionDate "2011.11.24"]
[SourceQuality "1"]

1. e4 c5 2. Nf3 e6 3. d4 cxd4 4. Nxd4 a6 5. c4 Nf6 6. Nc3 Bb4 7. Bd3 Qc7 8. 0-0 Bxc3 9. bxc3 d6 10. Bg5 Nbd7 11. f4 b6 12. Qe2 Bb7 13. Rae1 Nc5 14. e5 Nfe4 15. exd6 Qxd6 16. Bxe4 Nxe4 17. Qe3 f5 18. Bh4 0-0 19. Nf3 Rac8 20. Ne5 Qd2 21. Qxb6 Nc5 22. Nf3 Bxf3 23. Rxf3 Rfe8 24. Bf2 Ne4 25. a4 Rxc4 26. Qe3 Qxe3 27. Rexe3 Rxa4 28. Re1 Nxf2 29. Kxf2 Kf7 30. g3 Rc8 31. Rd3 Rc7 32. h4 Rac4 33. Rd6 Rxc3 34. Rxa6 Rc2+ 35. Kf1 R7c3 36. Raxe6 Rf3+ 37. Kg1 Rxg3+ 38. Kf1 Rf3+ 39. Kg1 h6 40. h5 Rxf4 41. Re7+ Kg8 42. Re8+ Kh7 43. Rf8 Rg4+ 44. Kf1 Rh4 45. Kg1 Rxh5 46. Re6 Rg5+ 47. Kh1 Rc4 0-1

[Event "Liechtenstein op Seniors 11th"]
[Site "Triesen"]
[Date "2011.06.02"]
[Round "7"]
[White "Guller, Andras"]
[Black "Goris, Ton"]
[Result "1/2-1/2"]
[WhiteElo "2083"]
[BlackElo "1999"]
[PlyCount "60"]
[EventDate "2011.05.27"]
[EventType "swiss"]
[EventRounds "9"]
[EventCountry "LIE"]
[SourceTitle "EXT 2012"]
[Source "ChessBase"]
[SourceDate "2011.11.24"]
[SourceVersion "1"]
[SourceVersionDate "2011.11.24"]
[SourceQuality "1"]

1. d4 e6 2. Nf3 c5 3. e4 cxd4 4. Nxd4 Nc6 5. Nc3 Qb6 6. Nb3 Bb4 7. Be3 Bxc3+ 8. bxc3 Qc7 9. Bd3 Nf6 10. 0-0 e5 11. f4 d6 12. f5 h6 13. c4 Bd7 14. Qf3 b6 15. Qg3 Rg8 16. a4 a5 17. c3 Nd8 18. Rfb1 Rb8 19. Nd2 Bc6 20. h3 Nh5 21. Qf2 Qd7 22. Rxb6 Rxb6 23. Bxb6 Nb7 24. Be3 g5 25. g3 Nf6 26. Bc2 Ke7 27. Kh2 Rc8 28. Qe2 Nc5 29. Bxc5 dxc5 30. Nf3 Qc7 1/2-1/2

[Event "Liechtenstein op Seniors 11th"]
[Site "Triesen"]
[Date "2011.05.30"]
[Round "4"]
[White "Guller, Andras"]
[Black "Rigg, Hans"]
[Result "1-0"]
[WhiteElo "2083"]
[BlackElo "1965"]
[PlyCount "105"]
[EventDate "2011.05.27"]
[EventType "swiss"]
[EventRounds "9"]
[EventCountry "LIE"]
[SourceTitle "EXT 2012"]
[Source "ChessBase"]
[SourceDate "2011.11.24"]
[SourceVersion "1"]
[SourceVersionDate "2011.11.24"]
[SourceQuality "1"]

1. e4 e6 2. d4 d5 3. Nd2 Nf6 4. e5 Nfd7 5. Bd3 c5 6. c3 Nc6 7. Ne2 cxd4 8. cxd4 Be7 9. 0-0 0-0 10. Nf3 f5 11. exf6 Nxf6 12. Ng3 Bd7 13. Re1 Bd6 14. b3 Rc8 15. Bb2 Bf4 16. a3 a6 17. b4 b5 18. Bb1 Re8 19. Qd3 Bxg3 20. hxg3 Re7 21. Ne5 Be8 22. Qe2 Qd6 23. Bd3 Nd8 24. Bc1 Nf7 25. g4 g6 26. Bf4 Qb6 27. Be3 Rec7 28. Qf3 Kg7 29. g5 Ng8 30. Ng4 Nd6 31. Bf4 Bf7 32. Be5+ Kf8 33. Qf4 Rd7 34. Nf6 Nxf6 35. Qxf6 Ne8 36. Qf4 Rc3 37. Qd2 Rc8 38. Rec1 Rcd8 39. Rc5 Nd6 40. Bxd6+ Rxd6 41. Rac1 Qb8 42. Qf4 R6d7 43. Qf6 Kg8 44. Be2 Re8 45. Bg4 Qd8 46. Qe5 Qb8 47. Qxb8 Rxb8 48. Rc6 Re7 49. f4 a5 50. bxa5 Ra8 51. Rc8+ Re8 52. Rxe8+ Rxe8 53. Rc6 1-0